Sports Quiz

Random Sports or World Quiz

World Series champion lineups Quiz Stats

 Plays Quiz not verified by Sporcle

Score 0/294 Timer 20:00
1 Play Today
Team Player % Correct
2018 Boston Red Sox - Game 5Mookie Betts
94.7%
1999 New York Yankees - Game 4Derek Jeter
93.2%
2000 New York Yankees - Game 5Derek Jeter
93.2%
1998 New York Yankees - Game 4Derek Jeter
93.2%
1996 New York Yankees - Game 6Derek Jeter
93.2%
2018 Boston Red Sox - Game 5J.D. Martinez
89.4%
2017 Houston Astros - Game 7Jose Altuve
89.2%
2016 Chicago Cubs - Game 7Kris Bryant
88.8%
2007 Boston Red Sox - Game 4David Ortiz
88.7%
2004 Boston Red Sox - Game 4David Ortiz
88.7%
2006 St. Louis Cardinals - Game 5Albert Pujols
88.1%
2016 Chicago Cubs - Game 7Anthony Rizzo
87.7%
2014 San Francisco Giants - Game 7Buster Posey
87.7%
2008 Philadelphia Phillies - Game 5Ryan Howard
87.5%
2003 Florida Marlins - Game 6Ivan Rodriguez
87.1%
2008 Philadelphia Phillies - Game 5Jimmy Rollins
86.4%
2017 Houston Astros - Game 7Marwin Gonzalez
86%
2012 San Francisco Giants - Game 4Buster Posey
85.6%
2013 Boston Red Sox - Game 6David Ortiz
85.4%
2007 Boston Red Sox - Game 4Manny Ramirez
85.2%
2004 Boston Red Sox - Game 4Manny Ramirez
85.2%
2000 New York Yankees - Game 5Jorge Posada
83.9%
1999 New York Yankees - Game 4Jorge Posada
83.9%
2008 Philadelphia Phillies - Game 5Chase Utley
83.8%
2009 New York Yankees - game 6Derek Jeter
83.2%
2000 New York Yankees - Game 5Bernie Williams
82.9%
1999 New York Yankees - Game 4Bernie Williams
82.9%
1998 New York Yankees - Game 4Bernie Williams
82.9%
1996 New York Yankees - Game 6Bernie Williams
82.9%
2017 Houston Astros - Game 7George Springer
82.8%
2001 Arizona Diamondbacks - Game 7Matt Williams
82.3%
2014 San Francisco Giants - Game 7Pablo Sandoval
81.9%
2015 Kansas City Royals - Game 5Lorenzo Cain
81.5%
2009 New York Yankees - game 6Alex Rodriguez
81%
2015 Kansas City Royals - Game 5Salvador Perez
80.4%
2001 Arizona Diamondbacks - Game 7Luis Gonzalez
80.2%
2003 Florida Marlins - Game 6Alex Gonzalez
79.9%
2017 Houston Astros - Game 7Carlos Correa
79.6%
2012 San Francisco Giants - Game 4Pablo Sandoval
79.1%
2007 Boston Red Sox - Game 4Dustin Pedroia
79.1%
2013 Boston Red Sox - Game 6Dustin Pedroia
78%
1995 Atlanta Braves - Game 6Chipper Jones
78%
2000 New York Yankees - Game 5Tino Martinez
77.3%
1996 New York Yankees - Game 6Tino Martinez
77.3%
1999 New York Yankees - Game 4Tino Martinez
77.3%
1998 New York Yankees - Game 4Tino Martinez
77.3%
2018 Boston Red Sox - Game 5Xander Bogaerts
77.2%
2015 Kansas City Royals - Game 5Eric Hosmer
77%
2016 Chicago Cubs - Game 7Ben Zobrist
77%
2007 Boston Red Sox - Game 4Jason Varitek
76.9%
2004 Boston Red Sox - Game 4Jason Varitek
76.9%
2006 St. Louis Cardinals - Game 5Yadier Molina
76.1%
2016 Chicago Cubs - Game 7Addison Russell
75.9%
2002 Anaheim Angels - Game 7Bengie Molina
75.6%
2016 Chicago Cubs - Game 7Dexter Fowler
75.3%
2009 New York Yankees - game 6Robinson Cano
75.2%
1993 Toronto Blue Jays - Game 6Joe Carter
75.1%
1992 Toronto Blue Jays - Game 6Joe Carter
75.1%
2014 San Francisco Giants - Game 7Brandon Belt
74.3%
2009 New York Yankees - game 6Jorge Posada
74.2%
2016 Chicago Cubs - Game 7Kyle Schwarber
73.6%
2018 Boston Red Sox - Game 5David Price
73.5%
1997 Florida Marlins - Game 7Charles Johnson
73.3%
2009 New York Yankees - game 6Mark Teixeira
73.1%
2016 Chicago Cubs - Game 7Javier Baez
73%
2015 Kansas City Royals - Game 5Mike Moustakas
72.7%
2015 Kansas City Royals - Game 5Alex Gordon
72.4%
2001 Arizona Diamondbacks - Game 7Curt Schilling
72.4%
2016 Chicago Cubs - Game 7Jason Heyward
72.3%
1991 Minnesota Twins - Game 7Kirby Puckett
72%
2004 Boston Red Sox - Game 4Orlando Cabrera
71.8%
2017 Houston Astros - Game 7Alex Bregman
71.8%
2003 Florida Marlins - Game 6Miguel Cabrera
71.7%
2004 Boston Red Sox - Game 4Derek Lowe
71.5%
2004 Boston Red Sox - Game 4Johnny Damon
71.1%
2005 Chicago White Sox - Game 4Paul Konerko
70.8%
2015 Kansas City Royals - Game 5Ben Zobrist
70.1%
2003 Florida Marlins - Game 6Mike Lowell
69.8%
2007 Boston Red Sox - Game 4Mike Lowell
69.8%
2014 San Francisco Giants - Game 7Hunter Pence
69.8%
2018 Boston Red Sox - Game 5Steve Pearce
69.3%
2007 Boston Red Sox - Game 4Jacoby Ellsbury
69.2%
2008 Philadelphia Phillies - Game 5Cole Hamels
68.9%
2013 Boston Red Sox - Game 6Jacoby Ellsbury
68.9%
2017 Houston Astros - Game 7Brian McCann
68.8%
2008 Philadelphia Phillies - Game 5Shane Victorino
68.6%
2000 New York Yankees - Game 5Paul O'Neill
68.4%
1996 New York Yankees - Game 6Paul O'Neill
68.4%
1990 Cincinnati Reds - Game 4Paul O'Neill
68.4%
1999 New York Yankees - Game 4Paul O'Neill
68.4%
1998 New York Yankees - Game 4Paul O'Neill
68.4%
2006 St. Louis Cardinals - Game 5David Eckstein
68.2%
2002 Anaheim Angels - Game 7David Eckstein
68.2%
2015 Kansas City Royals - Game 5Alcides Escobar
67.8%
2003 Florida Marlins - Game 6Josh Beckett
67.1%
2012 San Francisco Giants - Game 4Brandon Belt
66.6%
1997 Florida Marlins - Game 7Edgar Renteria
66.4%
2014 San Francisco Giants - Game 7Brandon Crawford
66.3%
Team Player % Correct
2014 San Francisco Giants - Game 7Juan Perez
66.2%
1998 New York Yankees - Game 4Chuck Knoblauch
66.2%
1999 New York Yankees - Game 4Chuck Knoblauch
66.2%
1991 Minnesota Twins - Game 7Chuck Knoblauch
66.2%
2012 San Francisco Giants - Game 4Matt Cain
65.9%
1989 Oakland A's - Game 4Mark McGwire
65.8%
1989 Oakland A's - Game 4Jose Canseco
65.6%
2005 Chicago White Sox - Game 4Jermaine Dye
64.9%
2016 Chicago Cubs - Game 7Kyle Hendricks
64.6%
2018 Boston Red Sox - Game 5Andrew Benintendi
64.6%
2002 Anaheim Angels - Game 7Troy Glaus
64.5%
2010 San Francisco Giants - Game 5Buster Posey
64.1%
1998 New York Yankees - Game 4Andy Pettitte
63.5%
2000 New York Yankees - Game 5Andy Pettitte
63.5%
2009 New York Yankees - game 6Johnny Damon
63.5%
2002 Anaheim Angels - Game 7Garret Anderson
63%
2013 Boston Red Sox - Game 6Shane Victorino
62.8%
2016 Chicago Cubs - Game 7Willson Contreras
62.8%
2006 St. Louis Cardinals - Game 5Jim Edmonds
62.4%
1999 New York Yankees - Game 4Roger Clemens
62%
2008 Philadelphia Phillies - Game 5Jayson Werth
61.1%
1995 Atlanta Braves - Game 6Tom Glavine
61%
2000 New York Yankees - Game 5Scott Brosius
60.9%
1999 New York Yankees - Game 4Scott Brosius
60.9%
1998 New York Yankees - Game 4Scott Brosius
60.9%
1993 Toronto Blue Jays - Game 6Rickey Henderson
60.4%
1989 Oakland A's - Game 4Rickey Henderson
60.4%
1989 Oakland A's - Game 4Dave Henderson
60.2%
2006 St. Louis Cardinals - Game 5Scott Rolen
60%
2011 St. Louis Cardinals - Game 7Albert Pujols
60%
2009 New York Yankees - game 6Andy Pettitte
59.3%
2008 Philadelphia Phillies - Game 5Carlos Ruiz
58.6%
2003 Florida Marlins - Game 6Derrek Lee
58.2%
1992 Toronto Blue Jays - Game 6Manuel Lee
58%
1997 Florida Marlins - Game 7Gary Sheffield
57.9%
1995 Atlanta Braves - Game 6David Justice
57.8%
2000 New York Yankees - Game 5David Justice
57.8%
2007 Boston Red Sox - Game 4J.D. Drew
57.6%
2017 Houston Astros - Game 7Josh Reddick
57.2%
2017 Houston Astros - Game 7Yuli Gurriel
57%
2009 New York Yankees - game 6Hideki Matsui
56.7%
1991 Minnesota Twins - Game 7Jack Morris
56.1%
2013 Boston Red Sox - Game 6John Lackey
56.1%
1990 Cincinnati Reds - Game 4Hal Morris
55.8%
2002 Anaheim Angels - Game 7Tim Salmon
55.7%
2012 San Francisco Giants - Game 4Hunter Pence
55.5%
1991 Minnesota Twins - Game 7Chili Davis
54.2%
1990 Cincinnati Reds - Game 4Eric Davis
54.1%
2018 Boston Red Sox - Game 5Rafael Devers
53.4%
1990 Cincinnati Reds - Game 4Barry Larkin
53.4%
2011 St. Louis Cardinals - Game 7Yadier Molina
53%
2005 Chicago White Sox - Game 4A.J. Pierzynski
52.9%
2014 San Francisco Giants - Game 7Joe Panik
52.8%
2008 Philadelphia Phillies - Game 5Pat Burrell
52.6%
2010 San Francisco Giants - Game 5Tim Lincecum
52.5%
2004 Boston Red Sox - Game 4Trot Nixon
52.2%
2010 San Francisco Giants - Game 5Edgar Renteria
51.7%
1999 New York Yankees - Game 4Darryl Strawberry
51.7%
1993 Toronto Blue Jays - Game 6Devon White
51.7%
1997 Florida Marlins - Game 7Devon White
51.6%
1996 New York Yankees - Game 6Darryl Strawberry
51.6%
1992 Toronto Blue Jays - Game 6Devon White
51.6%
2018 Boston Red Sox - Game 5Brock Holt
50.8%
2017 Houston Astros - Game 7Lance McCullers
50.8%
1987 Minnesota Twins - Game 7Kirby Puckett
50.5%
2003 Florida Marlins - Game 6Juan Pierre
50.4%
1993 Toronto Blue Jays - Game 6Paul Molitor
50.3%
2013 Boston Red Sox - Game 6Mike Napoli
50.3%
1993 Toronto Blue Jays - Game 6Roberto Alomar
50.1%
1992 Toronto Blue Jays - Game 6Roberto Alomar
50.1%
1991 Minnesota Twins - Game 7Kent Hrbek
49.9%
2015 Kansas City Royals - Game 5Edinson Volquez
49.7%
2013 Boston Red Sox - Game 6Stephen Drew
49.5%
2011 St. Louis Cardinals - Game 7Chris Carpenter
49.5%
2007 Boston Red Sox - Game 4Jon Lester
49.5%
2004 Boston Red Sox - Game 4Bill Mueller
48.9%
2012 San Francisco Giants - Game 4Angel Pagan
48.9%
1995 Atlanta Braves - Game 6Fred McGriff
48.4%
2009 New York Yankees - game 6Brett Gardner
48.2%
1996 New York Yankees - Game 6Joe Girardi
48%
1998 New York Yankees - Game 4Joe Girardi
48%
2013 Boston Red Sox - Game 6David Ross
47.7%
1995 Atlanta Braves - Game 6Javy Lopez
47.1%
2011 St. Louis Cardinals - Game 7David Freese
47.1%
2014 San Francisco Giants - Game 7Tim Hudson
46.6%
1993 Toronto Blue Jays - Game 6Dave Stewart
44.8%
2018 Boston Red Sox - Game 5Christian Vazquez
44.4%
2003 Florida Marlins - Game 6Luis Castillo
44.4%
2002 Anaheim Angels - Game 7John Lackey
44%
1993 Toronto Blue Jays - Game 6John Olerud
43.1%
1992 Toronto Blue Jays - Game 6David Cone
42.7%
2009 New York Yankees - game 6Nick Swisher
42.7%
2012 San Francisco Giants - Game 4Brandon Crawford
42.7%
2001 Arizona Diamondbacks - Game 7Tony Womack
42%
2002 Anaheim Angels - Game 7Darin Erstad
41.7%
2005 Chicago White Sox - Game 4Scott Podsednik
41.6%
1997 Florida Marlins - Game 7Craig Counsell
41.6%
2001 Arizona Diamondbacks - Game 7Craig Counsell
41.6%
Team Player % Correct
2003 Florida Marlins - Game 6Jeff Conine
41.3%
1996 New York Yankees - Game 6Wade Boggs
41.1%
2005 Chicago White Sox - Game 4Freddy Garcia
40.8%
2015 Kansas City Royals - Game 5Alex Rios
39.8%
1988 Los Angeles Dodgers - Game 5Mike Davis
39.7%
2001 Arizona Diamondbacks - Game 7Mark Grace
39.4%
2012 San Francisco Giants - Game 4Marco Scutaro
39.1%
2008 Philadelphia Phillies - Game 5Pedro Feliz
38.8%
2005 Chicago White Sox - Game 4Joe Crede
38.7%
2005 Chicago White Sox - Game 4Juan Uribe
38%
2013 Boston Red Sox - Game 6Xander Bogaerts
38%
1993 Toronto Blue Jays - Game 6Tony Fernandez
37.7%
1989 Oakland A's - Game 4Terry Steinbach
37.5%
2010 San Francisco Giants - Game 5Pat Burrell
37.2%
1990 Cincinnati Reds - Game 4Chris Sabo
37.1%
1989 Oakland A's - Game 4Walt Weiss
37.1%
2001 Arizona Diamondbacks - Game 7Steve Finley
36.7%
1987 Minnesota Twins - Game 7Kent Hrbek
36.4%
2005 Chicago White Sox - Game 4Aaron Rowand
36%
1996 New York Yankees - Game 6Cecil Fielder
35.8%
1995 Atlanta Braves - Game 6Mark Lemke
35.8%
2014 San Francisco Giants - Game 7Gregor Blanco
35.4%
2004 Boston Red Sox - Game 4Mark Bellhorn
35.1%
1992 Toronto Blue Jays - Game 6Dave Winfield
34.6%
1989 Oakland A's - Game 4Carney Lansford
34%
1993 Toronto Blue Jays - Game 6Pat Borders
33.5%
1992 Toronto Blue Jays - Game 6Pat Borders
33.5%
1990 Cincinnati Reds - Game 4Jose Rijo
33.4%
2007 Boston Red Sox - Game 4Julio Lugo
33%
2002 Anaheim Angels - Game 7Adam Kennedy
32.6%
1996 New York Yankees - Game 6Mariano Duncan
32.2%
1990 Cincinnati Reds - Game 4Mariano Duncan
32.2%
2006 St. Louis Cardinals - Game 5Chris Duncan
32.2%
2014 San Francisco Giants - Game 7Mike Morse
32.1%
2010 San Francisco Giants - Game 5Aubrey Huff
31.8%
1991 Minnesota Twins - Game 7Dan Gladden
31.8%
2013 Boston Red Sox - Game 6Jonny Gomes
31.4%
1996 New York Yankees - Game 6Jimmy Key
31%
1995 Atlanta Braves - Game 6Marquis Grissom
30.7%
1997 Florida Marlins - Game 7Bobby Bonilla
30.6%
2010 San Francisco Giants - Game 5Juan Uribe
29.8%
2001 Arizona Diamondbacks - Game 7Damian Miller
29.5%
1988 Los Angeles Dodgers - Game 5Orel Hershiser
29.5%
1997 Florida Marlins - Game 7Moises Alou
28.9%
1992 Toronto Blue Jays - Game 6Kelly Gruber
28%
2011 St. Louis Cardinals - Game 7Rafael Furcal
28%
2010 San Francisco Giants - Game 5Aaron Rowand
27.8%
1987 Minnesota Twins - Game 7Gary Gaetti
27.7%
1991 Minnesota Twins - Game 7Greg Gagne
26.9%
1988 Los Angeles Dodgers - Game 5Steve Sax
26.7%
2011 St. Louis Cardinals - Game 7Lance Berkman
26.6%
2011 St. Louis Cardinals - Game 7Allen Craig
25.8%
2010 San Francisco Giants - Game 5Freddy Sanchez
25.7%
1995 Atlanta Braves - Game 6Ryan Klesko
25.1%
1997 Florida Marlins - Game 7Al Leiter
24.8%
1987 Minnesota Twins - Game 7Dan Gladden
23.9%
2002 Anaheim Angels - Game 7Scott Spiezio
23.8%
2010 San Francisco Giants - Game 5Cody Ross
23.5%
2005 Chicago White Sox - Game 4Tadahito Iguchi
23.4%
1999 New York Yankees - Game 4Ricky Ledee
23%
1998 New York Yankees - Game 4Ricky Ledee
23%
1990 Cincinnati Reds - Game 4Billy Hatcher
22.3%
2006 St. Louis Cardinals - Game 5Ron Belliard
22.2%
1995 Atlanta Braves - Game 6Rafael Belliard
22.2%
1987 Minnesota Twins - Game 7Frank Viola
21.8%
2010 San Francisco Giants - Game 5Andres Torres
21.8%
2003 Florida Marlins - Game 6Juan Encarnacion
20.9%
2006 St. Louis Cardinals - Game 5Jeff Weaver
20.8%
2012 San Francisco Giants - Game 4Gregor Blanco
20.8%
1993 Toronto Blue Jays - Game 6Ed Sprague
20.3%
1987 Minnesota Twins - Game 7Greg Gagne
20.2%
1997 Florida Marlins - Game 7Darren Daulton
18.5%
2006 St. Louis Cardinals - Game 5So Taguchi
18.3%
1988 Los Angeles Dodgers - Game 5Rick Dempsey
17.6%
1991 Minnesota Twins - Game 7Brian Harper
17.3%
1988 Los Angeles Dodgers - Game 5Mickey Hatcher
16.8%
2001 Arizona Diamondbacks - Game 7Danny Bautista
16.6%
1990 Cincinnati Reds - Game 4Joe Oliver
16.5%
2012 San Francisco Giants - Game 4Ryan Theriot
16.3%
1987 Minnesota Twins - Game 7Tom Brunansky
15.7%
1989 Oakland A's - Game 4Tony Phillips
15.6%
1989 Oakland A's - Game 4Mike Moore
15.2%
2011 St. Louis Cardinals - Game 7Skip Schumaker
14.2%
1991 Minnesota Twins - Game 7Shane Mack
14%
2000 New York Yankees - Game 5Jose Vizcaino
13.5%
2002 Anaheim Angels - Game 7Brad Fullmer
13%
2011 St. Louis Cardinals - Game 7Ryan Theriot
12.1%
1992 Toronto Blue Jays - Game 6Candy Maldonado
11.9%
1988 Los Angeles Dodgers - Game 5Mike Marshall
11.7%
1991 Minnesota Twins - Game 7Mike Pagliarulo
11.5%
1990 Cincinnati Reds - Game 4Todd Benzinger
11.3%
1987 Minnesota Twins - Game 7Don Baylor
10.4%
1988 Los Angeles Dodgers - Game 5Jeff Hamilton
10%
1988 Los Angeles Dodgers - Game 5Alfredo Griffin
9.7%
1987 Minnesota Twins - Game 7Steve Lombardozzi
8.3%
1988 Los Angeles Dodgers - Game 5John Shelby
8.2%
1987 Minnesota Twins - Game 7Tim Laudner
8%
1988 Los Angeles Dodgers - Game 5Franklin Stubbs
7.2%

You're not logged in!

Compare scores with friends on all Sporcle quizzes.
OR
Log In

Show Comments

Extras

Top Quizzes Today


Score Distribution

Your Account Isn't Verified!

In order to create a playlist on Sporcle, you need to verify the email address you used during registration. Go to your Sporcle Settings to finish the process.

Report this User

Report this user for behavior that violates our Community Guidelines.

Details: